| 000 | 01808nam2a22002651 4500 | ||
|---|---|---|---|
| 001 | RU\NLR\INFOCOMM31\5000076868 | ||
| 005 | 20250617023452.0 | ||
| 035 | _a(NLR Aleph) 002383015 | ||
| 090 |
_a4607144 _c4607144 |
||
| 100 | _a20041227d1985 |||y0rusy50 ca | ||
| 101 | 0 | _arus | |
| 102 | _aRU | ||
| 105 | _ay ||||000|y | ||
| 200 | 1 |
_aСовершенствование управления материально-техническим снабжением предприятий и объединений металлургического машиностроения на основе хозрасчета _fГ.Д. Бруславцев, Р.П. Кайдан |
|
| 210 |
_d1985 _aБ. м. |
||
| 461 | 0 |
_1001RU\NLR\INFOCOMM31\5000076833 _12001#$aТехнология, организация труда, производства и управления$eОбзор. информ.$hСерия 7$iНаучная организация труда, производства и управления$fЦНИИ информ. и техн.-экон. исслед. по тяжелому и трансп. машиностроению$v1985, Вып.2 _94607130 _cМ. _d1984-1988 _fЦНИИ информ. и техн.-экон. исслед. по тяжелому и трансп. машиностроению _hСерия 7 _iНаучная организация труда, производства и управления _oОбзор. информ. _tТехнология, организация труда, производства и управления _v1985, Вып.2 |
|
| 700 | 1 |
_aБруславцев _bГ.Д. _4070 |
|
| 701 | 1 |
_aКайдан _bР.П. _4070 |
|
| 801 | 1 |
_aRU _bInfoComm _c20041227 |
|
| 801 | 0 |
_aRU _bNLR _gPSBO |
|
| 852 |
_aNLR _jП22/5081 |
||
| 942 | _cISSUE | ||
| 980 | _aNB | ||
| 980 | _aRUSPER | ||